Načítá se...

Cinema of obsession- erotic fixation and love gone wrong in the movies

Podrobná bibliografie
Hlavní autor: Dominique Mainon and James Ursini
Médium: Printed Book
Vydáno: Limelight editions 2007
LEADER 00461nam a2200109 4500
082 |a 791.436538 MAI 
100 |a Dominique Mainon and James Ursini 
245 |a Cinema of obsession- erotic fixation and love gone wrong in the movies  |c Dominique Mainon and James Ursini 
260 |a Limelight editions   |c 2007 
942 |c BK 
999 |c 199438  |d 199438 
952 |0 0  |1 0  |4 0  |6 791_436538000000000_MAI  |7 0  |9 212787  |a DCI  |b DCI  |d 2019-10-29  |l 0  |o 791.436538 MAI  |p DCI6171  |r 2019-10-29  |w 2019-10-29  |y BK